000 00916nam a2200241Ia 4500
008 130821s1996 ag gr spa
020 _a9505185642
040 _aCo-BoUCM
_bspa
041 0 0 _aspa
060 _aWM 420
_25
100 1 _aGriffith, James L
_9162269
245 1 3 _aEl cuerpo habla diálogos terapéuticos para problemas mente-cuerpo
_cJames L. Griffith, Melissa Elliott Griffith; traducción de Zoraida J. Valcárcel
260 _aBuenos Aires (Argentina)
_bAmorrortu Editores
_c1996
300 _a319 páginas
504 _aIncluye bibliografía
650 0 4 _aPsicoterapia
_922877
650 0 4 _aPsiquiatría
_98004
650 0 4 _aTerapia de mente y cuerpo
_925363
700 1 _aGriffith, Melisa Elliott
_9162270
700 1 _aValcarcel, Zoraida J.
_etrad.
_9133550
765 1 4 _aThe body speaks. Therapeutic dialogues for mind-body problems.
942 _cLIBRO
_a15
_e1
_mG853c
_2NLM
_hWM 420
_n0
999 _c47807
_d47807